000 00524nam a2200193Ia 4500
005 20250508150821.0
008 008 250505s9999 xx 000 0 eng d
037 _aTextual
040 _aFEDL
_beng
_cFEDL
041 _aeng
_2eng
084 _a428.3, ULL
_qFEDL
100 _aUllmann Stephen
245 0 _aWords and their use
260 _aLondon, UK
_bFrederick Muller Limited
_c1951
300 _av,108p
490 _aMan and society series
942 _cTEXL
_h428.3, ULL
999 _c1325851
_d1325851